Unlocking the Scriptures. (Record no. 8588)

MARC details
000 -LEADER
fixed length control field 00614nam a2200241 a 4500
020 ## - INTERNATIONAL STANDARD BOOK NUMBER
ISBN 0896931
082 00 - DEWEY DECIMAL CLASSIFICATION NUMBER
Classification number 220.07
Author Cutter FIN
100 ## - MAIN ENTRY--AUTHOR NAME
Author name Finzel, Hans
245 ## - TITLE STATEMENT
Title Unlocking the Scriptures.
260 ## - PUBLICATION, DISTRIBUTION, ETC. (IMPRINT)
Place of publication U S A
Name of publisher Victor Books
Year of publication 1988
300 ## - PHYSICAL DESCRIPTION
Number of Pages 144p
500 ## - GENERAL NOTE
General note includes index and biblioraphy
505 2# - FORMATTED CONTENTS NOTE
Formatted contents note Fresh New look at inductie Bible Study
650 ## - SUBJECT ADDED ENTRY--TOPICAL TERM
Topical Term Bible-Study and Teaching
942 ## - ADDED ENTRY ELEMENTS (KOHA)
Koha item type Books
700 1# -
-- Finzel, Hans
Holdings
Collection code Home library Current library Date acquired Cost, normal purchase price Full call number Accession Number Koha item type
  Henry Martyn Institute Library Henry Martyn Institute Library 06/14/2007 100.00 220.07 FIN 013956 Books
                   Copyright © 2026 | Henry Martyn Institute | Hyderabad | TS-500052 | INDIA | Implemented by hmi.edu.in
Hit-Count:

Powered by Koha